| 000 | 00553nam a2200217Ia 4500 | ||
|---|---|---|---|
| 008 | 160901s9999 xx 000 0 und d | ||
| 020 | _a0-7645-7901-0 | ||
| 050 | _aComSc QA 76.73 | ||
| 050 | _b.A8B58 2005 | ||
| 100 | _aBlum, Richard. | ||
| 245 | _aProfessional assembly language / | ||
| 245 | _cRichard Blum. | ||
| 260 | _aIndia : | ||
| 260 | _bWiley Pub., Inc., | ||
| 260 | _c2005 | ||
| 300 | _a546 pages : | ||
| 300 | _bill. ; | ||
| 300 | _c23 cm. | ||
| 500 | _aIncludes index. | ||
| 650 | _aAssembly languages (Electronic computers). | ||
| 999 |
_c300814 _d300814 |
||